[Event "Budapest Spring op"]
[Site "Budapest"]
[Date "2016.03.27"]
[Round "9"]
[White "Moradi, Kimia"]
[Black "Jagadics, Arnold"]
[Result "1-0"]
[WhiteElo "1987"]
[BlackElo "1876"]
[PlyCount "67"]
[EventDate "2016.03.18"]
[EventType "swiss"]
[EventRounds "9"]
[EventCountry "HUN"]
[SourceTitle "CBM 171 Extra"]
[Source "ChessBase"]
[SourceDate "2016.04.26"]
[SourceVersion "1"]
[SourceVersionDate "2016.04.26"]
[SourceQuality "1"]

1. e4 c5 2. c3 d5 3. exd5 Qxd5 4. d4 e6 5. Nf3 cxd4 6. cxd4 Nc6 7. Be2 Nf6 8. Nc3 Qd8 9. 0-0 Be7 10. a3 0-0 11. Be3 b6 12. Rc1 Bb7 13. Bd3 Qb8 14. Bb1 Rd8 15. Qc2 g6 16. h3 Rd7 17. Rfd1 Qd8 18. Ba2 Rc8 19. Qe2 Nd5 20. Nxd5 exd5 21. Rc2 Bf6 22. Rdc1 Re7 23. Qb5 Nb8 24. Rxc8 Bxc8 25. Bxd5 Ba6 26. Qb3 Rd7 27. Be4 Kg7 28. Qc2 Qe7 29. Re1 Rc7 30. Qd2 Qd8 31. Bh6+ Kg8 32. Qf4 Nd7 33. Bd3 Bxd3 34. Qxc7 1-0

[Event "Budapest Spring op"]
[Site "Budapest"]
[Date "2016.03.25"]
[Round "7"]
[White "Moradi, Kimia"]
[Black "Geher, Laszlo"]
[Result "1/2-1/2"]
[WhiteElo "1987"]
[BlackElo "1901"]
[PlyCount "235"]
[EventDate "2016.03.18"]
[EventType "swiss"]
[EventRounds "9"]
[EventCountry "HUN"]
[SourceTitle "CBM 171 Extra"]
[Source "ChessBase"]
[SourceDate "2016.04.26"]
[SourceVersion "1"]
[SourceVersionDate "2016.04.26"]
[SourceQuality "1"]

1. e4 d6 2. d4 Nf6 3. Nc3 g6 4. Nf3 Bg7 5. Be2 0-0 6. 0-0 c6 7. h3 b5 8. a3 Bb7 9. Be3 a6 10. e5 Ne8 11. Qc1 Nd7 12. Rd1 c5 13. exd6 cxd4 14. dxe7 Qxe7 15. Bxd4 Nef6 16. Qe3 Rfe8 17. Qxe7 Rxe7 18. Be3 Ne4 19. Nxe4 Bxe4 20. c3 Ne5 21. Nxe5 Bxe5 22. Rd2 f5 23. Rad1 Bc6 24. Rd8+ Rxd8 25. Rxd8+ Kf7 26. Bf3 Bxf3 27. gxf3 f4 28. Bd4 Ke6 29. Bxe5 Kxe5 30. Rd4 Rc7 31. Kg2 h5 32. Kf1 Rc4 33. Rxc4 bxc4 34. Ke2 a5 35. a4 Kf5 36. Kd2 g5 37. Kc2 g4 38. hxg4+ hxg4 39. fxg4+ Kxg4 40. b3 cxb3+ 41. Kxb3 Kf3 42. c4 Kxf2 43. c5 f3 44. c6 Ke3 45. c7 f2 46. c8Q f1Q 47. Qe6+ Kd4 48. Qd6+ Ke4 49. Qc6+ Ke3 50. Qc5+ Ke4 51. Qc6+ Kd4 52. Qb6+ Ke4 53. Qxa5 Qd3+ 54. Kb4 Qd4+ 55. Kb5 Qd7+ 56. Ka6 Qc6+ 57. Ka7 Qd7+ 58. Kb8 Qe8+ 59. Kc7 Qe7+ 60. Kc8 Qe8+ 61. Qd8 Qc6+ 62. Kb8 Qa6 63. a5 Qb5+ 64. Qb6 Qe8+ 65. Ka7 Qa4 66. Qe6+ Kd3 67. Qd5+ Kc3 68. a6 Qb4 69. Qf3+ Kc2 70. Qe2+ Kb1 71. Qf1+ Ka2 72. Qf2+ Ka3 73. Qf3+ Ka4 74. Qd1+ Kb5 75. Qd7+ Ka5 76. Qc7+ Ka4 77. Ka8 Qf8+ 78. Kb7 Qb4+ 79. Kc8 Qf8+ 80. Qd8 Qc5+ 81. Qc7 Qf8+ 82. Kd7 Qf7+ 83. Kc6 Qf3+ 84. Kb6 Qb3+ 85. Ka7 Qe3+ 86. Qb6 Qe7+ 87. Kb8 Qe8+ 88. Kb7 Qe7+ 89. Kc6 Qe6+ 90. Kc5 Qe3+ 91. Kc6 Qe6+ 92. Kb7 Qe7+ 93. Qc7 Qb4+ 94. Ka8 Qe4+ 95. Kb8 Qe8+ 96. Ka7 Qe3+ 97. Qb6 Qe7+ 98. Qb7 Qc5+ 99. Kb8 Qf8+ 100. Kc7 Qf7+ 101. Kc6 Qe6+ 102. Kc5 Qe3+ 103. Kc4 Qf4+ 104. Kd3 Qd6+ 105. Kc2 Qc5+ 106. Kd2 Qd4+ 107. Ke2 Qe5+ 108. Kd3 Qd6+ 109. Ke4 Qe6+ 110. Kd4 Qd6+ 111. Kc4 Qf4+ 112. Kc5 Qe3+ 113. Kc6 Qc3+ 114. Kd7 Qd4+ 115. Kc7 Qg7+ 116. Kb8 Qe5+ 117. Qc7 Qe8+ 118. Kb7 1/2-1/2

[Event "Budapest Spring op"]
[Site "Budapest"]
[Date "2016.03.22"]
[Round "4"]
[White "Chetverik, Maxim"]
[Black "Moradi, Kimia"]
[Result "1-0"]
[WhiteElo "2260"]
[BlackElo "1987"]
[PlyCount "41"]
[EventDate "2016.03.18"]
[EventType "swiss"]
[EventRounds "9"]
[EventCountry "HUN"]
[SourceTitle "CBM 171 Extra"]
[Source "ChessBase"]
[SourceDate "2016.04.26"]
[SourceVersion "1"]
[SourceVersionDate "2016.04.26"]
[SourceQuality "1"]

1. d4 Nf6 2. c4 e6 3. Nf3 d5 4. g3 Be7 5. Bg2 0-0 6. 0-0 c6 7. Nc3 Nbd7 8. Qb3 b6 9. Bf4 Bb7 10. cxd5 Nxd5 11. Bd2 c5 12. Rac1 cxd4 13. Nxd4 Nc5 14. Qd1 Nxc3 15. Bxc3 Bxg2 16. Kxg2 Qd5+ 17. f3 Qxa2 18. Nc6 Bg5 19. Qd4 Bf6 20. Ne7+ Kh8 21. Qxf6 1-0

[Event "Budapest Spring op"]
[Site "Budapest"]
[Date "2016.03.18"]
[Round "1"]
[White "Moradi, Kimia"]
[Black "Palinkas, Ervin"]
[Result "1-0"]
[WhiteElo "1987"]
[BlackElo "1582"]
[PlyCount "65"]
[EventDate "2016.03.18"]
[EventType "swiss"]
[EventRounds "9"]
[EventCountry "HUN"]
[SourceTitle "CBM 171 Extra"]
[Source "ChessBase"]
[SourceDate "2016.04.26"]
[SourceVersion "1"]
[SourceVersionDate "2016.04.26"]
[SourceQuality "1"]

1. e4 g6 2. d4 Bg7 3. Nf3 d6 4. Bc4 Nf6 5. Nc3 0-0 6. 0-0 Nc6 7. Be3 Bg4 8. h3 Bxf3 9. Qxf3 e5 10. d5 Ne7 11. g4 h5 12. Kg2 Qd7 13. Be2 Rfe8 14. Rh1 Kf8 15. Rag1 Neg8 16. Kf1 c6 17. gxh5 Nxh5 18. Rxg6 Nf4 19. Rg3 Bh6 20. Rhg1 Ke7 21. Bc4 Rf8 22. Bxf4 exf4 23. R3g2 Rae8 24. Qh5 Kd8 25. dxc6 bxc6 26. Bxf7 Re5 27. Qh4+ Kc7 28. Bxg8 Re6 29. Bxe6 Qxe6 30. Rg6 Qc4+ 31. Ke1 d5 32. Qe7+ Kb6 33. Nxd5+ 1-0

[Event "Gibraltar Masters 14th"]
[Site "Caleta"]
[Date "2016.02.04"]
[Round "10"]
[White "Moradi, Kimia"]
[Black "Semprun Martinez, Fernando M"]
[Result "0-1"]
[WhiteElo "2024"]
[BlackElo "2178"]
[PlyCount "70"]
[EventDate "2016.01.26"]
[EventType "swiss"]
[EventRounds "10"]
[EventCountry "GGB"]
[SourceTitle "CBM 171"]
[Source "ChessBase"]
[SourceDate "2016.03.14"]
[SourceVersion "2"]
[SourceVersionDate "2016.03.14"]
[SourceQuality "1"]

1. e4 e5 2. Nf3 Nc6 3. Nc3 Nf6 4. Bb5 Bd6 5. d3 a6 6. Ba4 h6 7. Ne2 b5 8. Bb3 Bc5 9. c3 0-0 10. 0-0 d5 11. Ng3 Be6 12. Qe2 Re8 13. h3 Qd7 14. Kh2 Rad8 15. Be3 d4 16. Bxe6 Rxe6 17. cxd4 Nxd4 18. Nxd4 Bxd4 19. Rad1 Bxe3 20. Qxe3 Rd6 21. Qc5 Qe6 22. Qa3 h5 23. f4 h4 24. Nf5 R6d7 25. Nxh4 Nxe4 26. Rfe1 Nf2 27. Rxe5 Qf6 28. Rde1 Qxh4 29. Re8+ Rxe8 30. Rxe8+ Kh7 31. Qc5 Qxf4+ 32. Kg1 Nxh3+ 33. Kh1 Nf2+ 34. Kg1 Ng4 35. Qh5+ Nh6 0-1

[Event "Gibraltar Masters 14th"]
[Site "Caleta"]
[Date "2016.02.02"]
[Round "8"]
[White "Moradi, Kimia"]
[Black "Chidi, Lovinia Sylvia"]
[Result "1-0"]
[WhiteElo "2024"]
[BlackElo "1780"]
[PlyCount "41"]
[EventDate "2016.01.26"]
[EventType "swiss"]
[EventRounds "10"]
[EventCountry "GGB"]
[SourceTitle "CBM 171"]
[Source "ChessBase"]
[SourceDate "2016.03.14"]
[SourceVersion "2"]
[SourceVersionDate "2016.03.14"]
[SourceQuality "1"]

1. e4 c6 2. d4 d5 3. exd5 cxd5 4. Bd3 Nf6 5. c3 g6 6. Nf3 Nc6 7. Bf4 Nh5 8. Be3 Bg7 9. h3 Nf6 10. 0-0 0-0 11. Nbd2 b6 12. Re1 Qc7 13. Qc1 Bb7 14. Nf1 Rac8 15. Ng3 Rfe8 16. Bf4 Qd8 17. Bh6 Qc7 18. Qg5 Nd8 19. Bxg7 Kxg7 20. Nf5+ Kh8 21. Qxf6+ 1-0

[Event "Gibraltar Masters 14th"]
[Site "Caleta"]
[Date "2016.01.26"]
[Round "1"]
[White "Padmini, Rout"]
[Black "Moradi, Kimia"]
[Result "1-0"]
[WhiteElo "2427"]
[BlackElo "2024"]
[PlyCount "99"]
[EventDate "2016.01.26"]
[EventType "swiss"]
[EventRounds "10"]
[EventCountry "GGB"]
[SourceTitle "CBM 171"]
[Source "ChessBase"]
[SourceDate "2016.03.14"]
[SourceVersion "2"]
[SourceVersionDate "2016.03.14"]
[SourceQuality "1"]

1. e4 e5 2. Nf3 Nc6 3. Bc4 Bc5 4. 0-0 Nf6 5. d3 0-0 6. Re1 a6 7. c3 d6 8. Bb3 Ne7 9. d4 exd4 10. cxd4 Ba7 11. h3 Ng6 12. Nc3 b5 13. e5 dxe5 14. dxe5 Qxd1 15. Rxd1 Ne8 16. Ne4 h6 17. Bd5 Rb8 18. Bd2 c5 19. Be3 Nc7 20. Bxc5 Bxc5 21. Nxc5 Nxd5 22. Rxd5 Bb7 23. Nxb7 Rxb7 24. g3 Re8 25. Rc1 Rbe7 26. Rcc5 Re6 27. Kg2 Kf8 28. h4 Ne7 29. Rd6 Nf5 30. Rxe6 Rxe6 31. g4 Ne7 32. Nd4 Rb6 33. f4 Ke8 34. Kf3 Kd7 35. Ke4 Rg6 36. Kf3 Rb6 37. Rc2 g6 38. Ke4 Rb8 39. Rd2 Ke8 40. f5 Rb6 41. h5 gxh5 42. gxh5 Nc6 43. Nxc6 Rxc6 44. Rd6 Rc2 45. Rxh6 a5 46. Rh8+ Kd7 47. h6 Rxb2 48. h7 Rh2 49. f6 b4 50. e6+ 1-0

[Event "London Classic op 6th"]
[Site "London"]
[Date "2014.12.11"]
[Round "4"]
[White "Moradi, Kimia"]
[Black "Farkas, Lajos"]
[Result "1-0"]
[WhiteElo "1920"]
[BlackElo "2219"]
[PlyCount "79"]
[EventDate "2014.12.08"]
[EventType "swiss"]
[EventRounds "9"]
[EventCountry "ENG"]
[SourceTitle "CBM 163 Extra"]
[Source "ChessBase"]
[SourceDate "2014.12.23"]
[SourceVersion "1"]
[SourceVersionDate "2014.12.23"]
[SourceQuality "1"]

1. e4 c6 2. Nc3 d5 3. Nf3 Bg4 4. h3 Bxf3 5. Qxf3 e6 6. d4 dxe4 7. Qxe4 Nf6 8. Qh4 Be7 9. Bd3 Nbd7 10. 0-0 h6 11. Re1 Qa5 12. Bd2 g5 13. Qg3 Qb6 14. Rad1 Qxd4 15. Ne4 Nxe4 16. Bxe4 Qe5 17. Bxc6 Qxg3 18. Bxd7+ Kxd7 19. Bf4+ Kc6 20. Bxg3 Rhd8 21. Be5 f6 22. Bc3 e5 23. Kf1 h5 24. Ke2 Bc5 25. b4 Bb6 26. a4 a6 27. Bb2 Bc7 28. c4 f5 29. Kf1 Rxd1 30. Rxd1 e4 31. Rd5 Rf8 32. Bd4 Bd6 33. Rxd6+ Kxd6 34. Bc5+ Ke5 35. Bxf8 Kd4 36. c5 Kc4 37. Be7 f4 38. Bxg5 Kxb4 39. Bxf4 Kxa4 40. g4 1-0

[Event "Fagernes Norsk op"]
[Site "Fagernes"]
[Date "2013.03.24"]
[Round "3"]
[White "Haugli, Petter"]
[Black "Moradi, Kimia"]
[Result "1-0"]
[WhiteElo "2293"]
[BlackElo "1935"]
[PlyCount "63"]
[EventDate "2013.03.24"]
[EventType "swiss"]
[EventRounds "9"]
[EventCountry "NOR"]
[SourceTitle "CBM 153 Extra"]
[Source "ChessBase"]
[SourceDate "2013.04.22"]
[SourceVersion "1"]
[SourceVersionDate "2013.04.22"]
[SourceQuality "1"]

1. d4 d5 2. c4 dxc4 3. Nf3 Nf6 4. e3 e6 5. Bxc4 c5 6. 0-0 a6 7. e4 cxd4 8. e5 Nfd7 9. Qxd4 Nc6 10. Qe4 Qc7 11. Bf4 Nc5 12. Qe3 Be7 13. Nbd2 0-0 14. Rac1 b6 15. a3 a5 16. Bb5 Ba6 17. Bxa6 Rxa6 18. Rc4 a4 19. Ne4 Rd8 20. Nxc5 Bxc5 21. Qe4 Na5 22. Rxa4 b5 23. Qe2 Qb6 24. Re4 Nc4 25. a4 Rxa4 26. b3 Ra3 27. bxc4 b4 28. Be3 b3 29. Qb2 Rb8 30. Qxa3 Bxa3 31. Bxb6 Rxb6 32. Nd2 1-0

[Event "Fagernes Norsk op"]
[Site "Fagernes"]
[Date "2013.03.24"]
[Round "6"]
[White "Rygg, Snorre"]
[Black "Moradi, Kimia"]
[Result "1-0"]
[WhiteElo "1827"]
[BlackElo "1935"]
[PlyCount "49"]
[EventDate "2013.03.24"]
[EventType "swiss"]
[EventRounds "9"]
[EventCountry "NOR"]
[SourceTitle "CBM 153 Extra"]
[Source "ChessBase"]
[SourceDate "2013.04.22"]
[SourceVersion "1"]
[SourceVersionDate "2013.04.22"]
[SourceQuality "1"]

1. c4 e5 2. Nc3 Nf6 3. g3 d5 4. cxd5 Nxd5 5. Bg2 Nb6 6. Nf3 Nc6 7. 0-0 Be7 8. d3 0-0 9. a3 Be6 10. b4 a6 11. Bd2 f6 12. Na4 Nxa4 13. Qxa4 Qd7 14. Rfc1 Bd5 15. Be3 f5 16. Nxe5 Qe6 17. Nxc6 bxc6 18. Bxd5 cxd5 19. Rxc7 Qe5 20. Rac1 Rad8 21. d4 Qe4 22. Qc2 Qe6 23. Rc6 Qd7 24. Rxa6 Bd6 25. Bf4 1-0

[Event "IRI-ch (Women)"]
[Site "Tehran"]
[Date "2011.12.20"]
[Round "12"]
[White "Derakhshani, Dorsa"]
[Black "Moradi, Kimia"]
[Result "1-0"]
[WhiteElo "1966"]
[BlackElo "1818"]
[PlyCount "63"]
[EventDate "2011.11.12"]
[EventType "tourn"]
[EventRounds "12"]
[EventCountry "IRI"]
[SourceTitle "EXT 2024"]
[Source "ChessBase"]
[SourceDate "2023.10.10"]
[SourceVersion "1"]
[SourceVersionDate "2023.10.10"]
[SourceQuality "1"]

1. e4 e5 2. Nf3 Nc6 3. d4 exd4 4. Nxd4 Bc5 5. Nb3 Bb6 6. Nc3 d6 7. Qe2 Be6 8. Be3 Bxe3 9. Qxe3 Nf6 10. 0-0-0 0-0 11. f3 a5 12. a4 Nd7 13. Nd2 Nb6 14. h4 Qf6 15. Nb3 Nc4 16. Bxc4 Bxc4 17. Nd5 Bxd5 18. Rxd5 Rfe8 19. Rg5 h6 20. Rb5 b6 21. g4 Ne5 22. Nd4 Nc4 23. Qc3 Qf4+ 24. Kb1 Nd2+ 25. Ka1 Nxe4 26. fxe4 Rxe4 27. Nf5 Rxa4+ 28. Kb1 Qxg4 29. Re1 Rc4 30. Qe3 Rxc2 31. Kxc2 Qc4+ 32. Qc3 1-0

[Event "IRI-ch (Women)"]
[Site "Tehran"]
[Date "2011.12.15"]
[Round "7"]
[White "Moradi, Kimia"]
[Black "Pourkashiyan, Atousa"]
[Result "0-1"]
[WhiteElo "1818"]
[BlackElo "2326"]
[PlyCount "76"]
[EventDate "2011.11.12"]
[EventType "tourn"]
[EventRounds "12"]
[EventCountry "IRI"]
[SourceTitle "EXT 2024"]
[Source "ChessBase"]
[SourceDate "2023.10.10"]
[SourceVersion "1"]
[SourceVersionDate "2023.10.10"]
[SourceQuality "1"]

1. e4 g6 2. d4 Bg7 3. Nc3 d6 4. f4 a6 5. a4 b6 6. Nf3 Bb7 7. Bd3 Nc6 8. d5 Nb4 9. Bc4 Nf6 10. 0-0 0-0 11. Re1 c6 12. dxc6 Bxc6 13. Nd5 Nbxd5 14. exd5 Bb7 15. Ra3 Qc7 16. Ba2 b5 17. h3 Bxd5 18. Bxd5 Qc5+ 19. Be3 Qxd5 20. Rd3 Qb7 21. a5 Rac8 22. c3 Rc4 23. Nd2 Rcc8 24. Bf2 Rfe8 25. Qb3 Qc6 26. g4 Nd7 27. Rde3 Nc5 28. Qa2 e6 29. Nf3 Nb7 30. Nd4 Bxd4 31. cxd4 d5 32. Rc3 Qd7 33. Rec1 Nd6 34. Rxc8 Rxc8 35. Qa1 Rc6 36. Be1 Qc7 37. Bd2 Nc4 38. Be1 Qxf4 0-1

[Event "IRI-ch (Women)"]
[Site "Tehran"]
[Date "2011.12.11"]
[Round "3"]
[White "Asgarizadeh, Minoo"]
[Black "Moradi, Kimia"]
[Result "1/2-1/2"]
[WhiteElo "2081"]
[BlackElo "1818"]
[PlyCount "144"]
[EventDate "2011.11.12"]
[EventType "tourn"]
[EventRounds "12"]
[EventCountry "IRI"]
[SourceTitle "EXT 2024"]
[Source "ChessBase"]
[SourceDate "2023.10.10"]
[SourceVersion "1"]
[SourceVersionDate "2023.10.10"]
[SourceQuality "1"]

1. e4 e5 2. Nf3 d6 3. d4 Nd7 4. Bc4 c6 5. 0-0 Be7 6. dxe5 dxe5 7. Ng5 Bxg5 8. Qh5 Qe7 9. Qxg5 Qxg5 10. Bxg5 Ngf6 11. f3 Nc5 12. Nd2 b5 13. Be2 Be6 14. c4 a6 15. Rfc1 Nfd7 16. b4 Na4 17. a3 h6 18. Be3 0-0 19. Bd1 Nab6 20. Bb3 Rfe8 21. Rc3 Rac8 22. Rac1 c5 23. cxb5 Bxb3 24. bxc5 Na4 25. Rxb3 Ndxc5 26. Bxc5 Rxc5 27. Rxc5 Nxc5 28. Rb1 axb5 29. Rxb5 Rc8 30. Kf2 f6 31. Ke3 Ne6 32. Rb3 Nd4 33. Rd3 Rc2 34. Kf2 Kf7 35. f4 Ke7 36. fxe5 fxe5 37. g3 Ra2 38. Kf1 Ra1+ 39. Kg2 Nc2 40. Rc3 Nxa3 41. Nf3 Kd6 42. Rd3+ Ke6 43. Rd5 Nc4 44. Rc5 Ra2+ 45. Kh3 Ra4 46. Rc6+ Nd6 47. Rc7 Kf6 48. Rc6 Ke6 49. Nd2 Kd7 50. Rb6 Kc7 51. Rb1 Nxe4 52. Nf3 Nf2+ 53. Kg2 Nd3 54. Nh4 Ra2+ 55. Kf3 Rxh2 56. Ke4 Nf2+ 57. Kxe5 Nd3+ 58. Kf5 g5 59. Ng6 Rh3 60. g4 Rf3+ 61. Ke4 Rg3 62. Kf5 Rf3+ 63. Ke4 Rg3 64. Rf1 Nf4 65. Rc1+ Kd8 66. Ne5 h5 67. Kf5 hxg4 68. Ra1 Kc7 69. Nxg4 Nd5 70. Rc1+ Kb7 71. Re1 Kc8 72. Kxg5 Nf6 1/2-1/2

[Event "Wch U14 Girls"]
[Site "Porto Carras"]
[Date "2010.10.24"]
[Round "5"]
[White "Fataliyeva, Ulviyya Hasil Qizi"]
[Black "Moradi, Kimia"]
[Result "1-0"]
[WhiteElo "1959"]
[BlackElo "1827"]
[PlyCount "73"]
[EventDate "2010.10.20"]
[EventType "swiss"]
[EventRounds "11"]
[EventCountry "GRE"]
[SourceTitle "EXT 2011"]
[Source "ChessBase"]
[SourceDate "2010.11.26"]
[SourceVersion "1"]
[SourceVersionDate "2010.11.26"]
[SourceQuality "1"]

1. e4 c6 2. d4 d5 3. exd5 cxd5 4. Bd3 Nc6 5. c3 Nf6 6. Bf4 g6 7. Qc2 Bg7 8. Nf3 0-0 9. h3 Nh5 10. Bh2 Bh6 11. 0-0 Nf4 12. Bxf4 Bxf4 13. Nbd2 Rb8 14. a4 Be6 15. Rfe1 Qd6 16. Nb3 b6 17. Qe2 Nd8 18. Ne5 Rb7 19. Nd2 f6 20. Nef3 Bf7 21. g3 Bh6 22. Nb1 Bg7 23. Na3 Nc6 24. Ba6 Rbb8 25. Bb5 Rfe8 26. Nc2 a5 27. Rad1 e6 28. h4 Re7 29. Qd2 e5 30. dxe5 fxe5 31. Ng5 Rd8 32. Ne3 Red7 33. Qe2 Qc7 34. b4 Qd6 35. Nxf7 Rxf7 36. Rxd5 Qc7 37. Bxc6 1-0